| 000 | 00426nam a2200157Ia 4500 | ||
|---|---|---|---|
| 008 | 130318s9999 xx 000 0 und d | ||
| 020 | _a471436224 | ||
| 082 | _a570.2 HAN/D | ||
| 100 | _aHancock, John M | ||
| 245 | _aDictionary of bioinformatics and computational biology | ||
| 260 |
_bWiley _aCanada _c2004 |
||
| 300 | _a636 | ||
| 650 | _aBIOINFORMATICS | ||
| 650 | _aCOMPUTATIONAL BIOLOGY | ||
| 700 | _aZvelebil, Marketa J | ||
| 999 |
_c1293 _d1293 |
||